000 00390nam a2200145Ia 4500
005 20251222144807.0
008 251222s9999||||xx |||||||||||||| ||spa||
020 _a970-665-267-1
082 _a657.453/C28
100 _aCarpy Morales, Carlos A.
245 0 _aPráctica de Auditoria Automatizada
250 _a5a.ed.
264 _bInstituto Mexicano de Contadores Públicos
942 _cLIB
999 _c19954
_d19954